Identifying growth poles in the EU28 region - where does Ukraine stand?

Na minha lista:
Detalhes bibliográficos
Autor principal: Kotlebová, Jana, 1969-
Outros Autores: Širaňová, Mária
Formato: Capítulo de Livro
Idioma:inglês
Assuntos:
Tags: Adicionar Tag
Sem tags, seja o primeiro a adicionar uma tag!

MARC

LEADER 00000nla a2200000 4500
001 0185213
005 20240502073156.4
041 0 |a eng 
044 |a SK 
245 1 0 |a Identifying growth poles in the EU28 region - where does Ukraine stand?  |c Jana Kotlebová, Mária Širaňová 
610 2 0 |a rozvoj regionálny 
610 2 0 |a rast hospodársky 
610 2 0 |a kríza hospodárska 
610 2 0 |a spolupráca hospodárska medzinárodná 
610 2 0 |a Európska únia 
610 2 0 |a Ukrajina 
100 1 |a Kotlebová, Jana, 1969- 
700 1 |a Širaňová, Mária